000
00272nas a2200121 4500
005
20211102115606.0
008
211102b ||||| |||| 00| 0 eng d
022
_a
0971-2321
040
_c
245
_a
The Quest
260
_a
Sarita Sinha
_b
Dec 2019
942
_2
ddc
_c
PR
999
_c
220331
_d
220331